| 000 | 02307nam0a2200457 4500 | ||
|---|---|---|---|
| 001 | RU\NLR\DIGIT\112230 | ||
| 005 | 201612062234 | ||
| 035 | _a(NLR Aleph) 010171080 | ||
| 035 | _arc\1824446 | ||
| 090 |
_a10132367 _c10132367 |
||
| 100 | _a20111028d1907 u y0rusy50 ca | ||
| 101 | 0 | _arus | |
| 102 | _aRU | ||
| 105 | _aa z |||a| | ||
| 135 | _acoco 024aaaaa | ||
| 200 | 1 |
_aТамбовский Робинзон _eРассказ Сергей Атавы (С.Н. Терпигорева) _fС 4 рис. М. Малышева и К. Тихомирова |
|
| 210 |
_aСанкт-Петербург _aМосква _cт-во М.О. Вольф _d[1907] _eСанкт-Петербург |
||
| 215 |
_a26 с., 1 л. фронт. (ил.) _cил. _d20 |
||
| 225 | 1 |
_aРусская библиотека Вольфа _v[№ 48] |
|
| 300 | _aЭл.копия создана на основе экземпляра РГБ | ||
| 311 | _aБеспл. прил. к журн. "Задушев. слово" для ст. возраста. 1907. Т. 74, № 4 | ||
| 316 |
_aЭкз. РНБ (П29/251): припл. ... _5NLR: П29/251 |
||
| 325 | _aКопия доступна в Электрон. б-ке РНБ http://vivaldi.nlr.ru/bx000006179/view | ||
| 422 | 0 | _12001#$aЗадушевное слово для старшего возраста$v1907, т. 74, № 4 | |
| 482 | 0 | _12001#$aЗадушевное слово для старшего возраста$v1907, т. 74, № 4 | |
| 700 | 1 |
_6z01790 _aТерпигорев _bС. Н. _f1841-1895 _gСергей Николаевич |
|
| 702 | 1 |
_aМалышев _bМ. Е. _f1852-1914 _gМихаил Егорович _4440 |
|
| 702 | 1 |
_aТихомиров _bК. И. _gКонстантин Иванович _4440 |
|
| 790 | 1 |
_6z01700 _aАтава _bС. _f1841-1895 _gСергей |
|
| 801 | 0 |
_aRU _bNLR _gpsbo |
|
| 801 | 0 |
_aRU _bRuMoRGB _2psbo |
|
| 801 | 1 |
_aRU _bProSoft-M _2rusmarc |
|
| 856 | 0 | _uhttp://vivaldi.nlr.ru/bx000006179/view | |
| 856 | 1 | _uhttp://vivaldi.nlr.ru/bx000006179/cover | |
| 856 | 2 | _uhttp://vivaldi.nlr.ru/bx000006179/text | |
| 899 | _aРГБ | ||
| 899 | _aРГБ | ||
| 942 | _cBOOK | ||
| 980 | _aNB | ||
| 981 | 3 | 3 |
_a(33) Художественная литература _b(33) Отечественная литература |